| 000 | 00538nam a22001937a 4500 | ||
|---|---|---|---|
| 005 | 20240606125832.0 | ||
| 008 | 240606b |||||||| |||| 00| 0 eng d | ||
| 020 | _a9780538747547 | ||
| 082 |
_a006.74 _bSHE-H |
||
| 082 |
_a006.74 _bSHE-H |
||
| 100 | _aShelly | ||
| 245 |
_aHTML, XHTML, and CSS : _b Comprehensive / _cWoods. |
||
| 260 |
_aUSA: _bCengage Learning; _c2011. |
||
| 300 |
_a627 p. : _bill; _c27 cm. |
||
| 500 | _ainclude index. | ||
| 650 | _acomputer science/ web operating system | ||
| 700 | _aWoods | ||
| 999 |
_c35855 _d35855 |
||